书目信息 |
| 题名: |
数字战略
|
|
| 作者: | 魏江 著 | |
| 分册: | ||
| 出版信息: | 杭州 浙江大学出版社 2022 |
|
| 页数: | 17,229页 | |
| 开本: | 23cm | |
| 丛书名: | 数字社会科学丛书 | |
| 单 册: | ||
| 中图分类: | F492.2 , F49 | |
| 科图分类: | ||
| 主题词: | 信息经济--经济战略--研究--中国 | |
| 电子资源: | ||
| ISBN: | 978-7-308-22160-3 | |
| 000 | 01123nam0 2200289 450 | |
| 001 | 2249710948 | |
| 005 | 20220922134910.54 | |
| 010 | @a978-7-308-22160-3@b精装@dCNY79.00 | |
| 100 | @a20220506d2022 em y0chiy50 ea | |
| 101 | 0 | @achi |
| 102 | @aCN@b330000 | |
| 105 | @aa z 000yy | |
| 200 | 1 | @a数字战略@9shu zi zhan lue@dDigital strategy@f魏江[等]著@zeng |
| 210 | @a杭州@c浙江大学出版社@d2022 | |
| 215 | @a17,229页@c图@d23cm | |
| 225 | 1 | @a数字社会科学丛书@f黄先海主编 |
| 300 | @a“十四五”时期国家重点出版物出版专项规划项目 | |
| 304 | @a著者还有:杨洋、邹爱其、陈亮 | |
| 330 | @a本书分数字战略逻辑;规模经济、范围经济与速度经济;数字生态竞争战略;数字战略的实现几部分。主要内容包括:战略环境变迁、数字战略的本质、竞争优势来源、规模经济、范围经济、速度经济、生态内竞合战略、生态间的竞争、数字化研发、数字化架构、数字化领导力、组织变革与治理等。 | |
| 461 | 0 | @12001 @a数字社会科学丛书 |
| 510 | 1 | @aDigital strategy@zeng |
| 606 | 0 | @a信息经济@x经济战略@x研究@y中国 |
| 690 | @aF492.2@v5 | |
| 690 | @aF49@v4 | |
| 701 | 0 | @a魏江@9wei jiang@4著 |
| 801 | 0 | @aCN@b91MARC@c20220509 |
| 905 | @aZUCC@dF49@e33 | |
| 数字战略=Digital strategy/魏江[等]著.-杭州:浙江大学出版社,2022 |
| 17,229页:图;23cm.-(数字社会科学丛书/黄先海主编) |
| “十四五”时期国家重点出版物出版专项规划项目 |
| ISBN 978-7-308-22160-3(精装):CNY79.00 |
| 本书分数字战略逻辑;规模经济、范围经济与速度经济;数字生态竞争战略;数字战略的实现几部分。主要内容包括:战略环境变迁、数字战略的本质、竞争优势来源、规模经济、范围经济、速度经济、生态内竞合战略、生态间的竞争、数字化研发、数字化架构、数字化领导力、组织变革与治理等。 |
| ● |
| 相关链接 |
|
|
|
正题名:数字战略
索取号:F49/33
 
预约/预借
| 序号 | 登录号 | 条形码 | 馆藏地/架位号 | 状态 | 备注 |
| 1 | 2000902016 | 2000902016 | 第三书库/ [索取号:F49/33] | 在馆 | |
| 2 | 2000902017 | 2000902017 | 第三书库/ [索取号:F49/33] | 在馆 | |
| 3 | 2000902018 | 2000902018 | 第三书库/ [索取号:F49/33] | 在馆 |